[Event "Quebec op"]
[Site "Montreal"]
[Date "2004.07.19"]
[Round "3"]
[White "Anastasovski, Nikola"]
[Black "Milicevic, Goran"]
[Result "0-1"]
[WhiteElo "2225"]
[BlackElo "2271"]
[PlyCount "134"]
[EventDate "2004.07.17"]
[EventType "swiss"]
[EventRounds "9"]
[EventCountry "CAN"]
[SourceTitle "CBM 101 Extra"]
[Source "ChessBase"]
[SourceDate "2004.09.01"]
[SourceVersion "2"]
[SourceVersionDate "2004.09.01"]
[SourceQuality "1"]

1. e4 e6 2. d4 d5 3. exd5 exd5 4. c4 Nf6 5. Nc3 c6 6. h3 Be7 7. Be3 0-0 8. c5 b6 9. b4 a5 10. a3 axb4 11. axb4 Rxa1 12. Qxa1 bxc5 13. bxc5 Bxc5 14. Bd3 Bb4 15. Nge2 Qa5 16. 0-0 Nbd7 17. Qb2 Bd6 18. Ra1 Qc7 19. Na4 Re8 20. Rc1 h6 21. Qd2 Nf8 22. Nac3 Qe7 23. Nd1 Bd7 24. Ng3 Bxg3 25. fxg3 Ne4 26. Bxe4 Qxe4 27. Rc3 Nh7 28. Nf2 Qg6 29. Bf4 Qb1+ 30. Rc1 Qb6 31. Kh2 Nf8 32. Be3 Bf5 33. g4 Be4 34. Rc3 Ng6 35. g3 Qb5 36. Rc5 Qa6 37. Rc1 Rb8 38. Nxe4 dxe4 39. Kg2 Rb3 40. Rc3 Rxc3 41. Qxc3 Qe2+ 42. Bf2 Ne7 43. Qe3 Qc2 44. Kf1 Nd5 45. Qe2 Qb1+ 46. Qe1 Qb5+ 47. Kg1 Qd3 48. Qf1 Qc3 49. Qd1 e3 50. Be1 Qc4 51. Kg2 Kf8 52. h4 g6 53. g5 hxg5 54. h5 Kg7 55. hxg6 Kxg6 56. g4 Nf4+ 57. Kf3 e2 58. Qb1+ Qd3+ 59. Qxd3+ Nxd3 60. Kxe2 Nxe1 61. Kxe1 f5 62. gxf5+ Kxf5 63. Kd2 Ke4 64. Kc3 g4 65. Kc4 g3 66. Kc5 g2 67. Kxc6 Kxd4 0-1

[Event "Toronto CMA Futurity 4th"]
[Site "Toronto"]
[Date "2003.07.29"]
[Round "7"]
[White "Milicevic, Goran"]
[Black "Zugic, Igor"]
[Result "0-1"]
[WhiteElo "2348"]
[BlackElo "2455"]
[PlyCount "58"]
[EventDate "2003.07.25"]
[EventType "schev"]
[EventRounds "10"]
[EventCountry "CAN"]
[SourceTitle "CBM 095 Extra"]
[Source "ChessBase"]
[SourceDate "2003.09.04"]
[SourceVersion "1"]
[SourceVersionDate "2003.09.04"]
[SourceQuality "1"]

1. e4 Nf6 2. Nc3 d5 3. e5 Ne4 4. Nce2 d4 5. c3 dxc3 6. Qa4+ Nd7 7. Nxc3 Nec5 8. Qf4 Ne6 9. Qe3 Nb6 10. f4 Nd4 11. Bd3 Nc4 12. Qf2 Bf5 13. Bxf5 Nxf5 14. Nf3 e6 15. 0-0 Qd3 16. b3 Nb6 17. Kh1 Be7 18. Bb2 0-0 19. Rac1 a5 20. Ne1 Qd7 21. Nc2 Rfd8 22. Ne4 Nd5 23. Ng3 Bh4 24. a3 a4 25. b4 Nde7 26. Qf3 Bxg3 27. hxg3 Qd3 28. Kh2 Qxf3 29. Rxf3 Rxd2 0-1

[Event "Toronto CMA Futurity 4th"]
[Site "Toronto"]
[Date "2003.07.26"]
[Round "2"]
[White "Zugic, Igor"]
[Black "Milicevic, Goran"]
[Result "1-0"]
[WhiteElo "2455"]
[BlackElo "2348"]
[PlyCount "77"]
[EventDate "2003.07.25"]
[EventType "schev"]
[EventRounds "10"]
[EventCountry "CAN"]
[SourceTitle "CBM 095 Extra"]
[Source "ChessBase"]
[SourceDate "2003.09.04"]
[SourceVersion "1"]
[SourceVersionDate "2003.09.04"]
[SourceQuality "1"]

1. d4 Nf6 2. Nf3 c5 3. d5 e6 4. c4 a6 5. a4 exd5 6. cxd5 Bd6 7. g3 b5 8. axb5 Bb7 9. bxa6 Nxa6 10. Bg5 0-0 11. Nc3 h6 12. Bxf6 Qxf6 13. Bg2 Nb4 14. Rxa8 Rxa8 15. 0-0 Bf8 16. Qd2 d6 17. Rd1 Ba6 18. Ra1 Re8 19. e3 Rb8 20. Ne1 g6 21. Bf1 Bxf1 22. Kxf1 Bg7 23. Kg2 Qf5 24. Rd1 h5 25. f3 c4 26. e4 Qc8 27. Qe2 Qc5 28. Rd2 Bd4 29. Na4 Qa7 30. Qxc4 Be3 31. Re2 Qxa4 32. Rxe3 Qd1 33. Qe2 Qd4 34. Rc3 Na6 35. Nc2 Qa7 36. Ne3 Qb7 37. Nc4 Qb4 38. e5 dxe5 39. Qxe5 1-0

[Event "Guelph op"]
[Site "Guelph"]
[Date "2002.08.10"]
[Round "6"]
[White "Milicevic, Goran"]
[Black "Degraeve, Jean Marc"]
[Result "0-1"]
[WhiteElo "2360"]
[BlackElo "2586"]
[PlyCount "60"]
[EventDate "2002.08.07"]
[EventType "swiss"]
[EventRounds "9"]
[EventCountry "CAN"]
[SourceTitle "CBM 089 Extra"]
[Source "ChessBase"]
[SourceDate "2002.09.10"]
[SourceVersion "2"]
[SourceVersionDate "2002.09.10"]
[SourceQuality "1"]

1. d4 Nf6 2. Nf3 c5 3. d5 g6 4. Nc3 Bg7 5. e4 0-0 6. e5 Ng4 7. Ng5 Nh6 8. h4 f6 9. Nge4 Nf7 10. Nxc5 Nxe5 11. f4 Nf7 12. h5 f5 13. hxg6 hxg6 14. Qf3 Nh6 15. Bd2 Qb6 16. Nd3 d6 17. 0-0-0 Nd7 18. Re1 Re8 19. Be3 Qa5 20. Bd4 Bxd4 21. Rxh6 Nf8 22. Qh3 Bg7 23. Be2 Bd7 24. Rh1 Rac8 25. Rxg6 Nxg6 26. Qh7+ Kf8 27. Qxg6 Rxc3 28. Ne5 dxe5 29. Rh7 Rxc2+ 30. Kxc2 Rc8+ 0-1

[Event "Guelph op"]
[Site "Guelph"]
[Date "2002.08.08"]
[Round "2"]
[White "Milicevic, Goran"]
[Black "Kaufman, Raymond"]
[Result "0-1"]
[WhiteElo "2360"]
[BlackElo "2202"]
[PlyCount "118"]
[EventDate "2002.08.07"]
[EventType "swiss"]
[EventRounds "9"]
[EventCountry "CAN"]
[SourceTitle "CBM 089 Extra"]
[Source "ChessBase"]
[SourceDate "2002.09.10"]
[SourceVersion "2"]
[SourceVersionDate "2002.09.10"]
[SourceQuality "1"]

1. d4 Nf6 2. Nf3 e6 3. Bf4 c5 4. e3 b6 5. Nbd2 Be7 6. h3 0-0 7. Bd3 Ba6 8. c4 d5 9. 0-0 Nc6 10. Ne5 Nxe5 11. dxe5 Ne4 12. Bxe4 dxe4 13. Qc2 Qd3 14. Rac1 Bb7 15. Qxd3 exd3 16. Rfd1 Rfd8 17. Rc3 Rd7 18. f3 f5 19. Kf2 Kf7 20. Nb3 Rad8 21. Rd2 a5 22. Nc1 Ba6 23. a4 g5 24. Bh2 h5 25. b3 Bb7 26. Rcxd3 Rxd3 27. Nxd3 g4 28. hxg4 hxg4 29. Ke2 gxf3+ 30. gxf3 Bh4 31. Rd1 Bc6 32. Rf1 Rg8 33. Nf4 Bg3 34. Bxg3 Rxg3 35. Nd3 Rg2+ 36. Rf2 Rg1 37. Ne1 Rh1 38. e4 fxe4 39. fxe4+ Ke7 40. Rf4 Rh2+ 41. Ke3 Rb2 42. Rh4 Rxb3+ 43. Kf4 Bxa4 44. Rh7+ Kd8 45. Nf3 Bd7 46. Ng5 a4 47. Nf7+ Kc7 48. Nd6 a3 49. Rh2 b5 50. cxb5 Bxb5 51. Rh7+ Kb6 52. Rb7+ Ka5 53. Ra7+ Ba6 54. Nc4+ Kb5 55. Nd6+ Kb6 56. Ra8 c4 57. Kg5 a2 58. Nxc4+ Bxc4 59. Rxa2 Rg3+ 0-1